Rebuilding America / (Record no. 528249)

000 -LEADER
fixed length control field 00692cam a2200253 a 4500
001 - CONTROL NUMBER
control field 3295270
003 - CONTROL NUMBER IDENTIFIER
control field NUST
038 ## - RECORD CONTENT LICENSOR
Staff Name Msohail
040 ## - CATALOGING SOURCE
Original cataloging agency DLC
Transcribing agency DLC
Modifying agency DLC
043 ## - GEOGRAPHIC AREA CODE
Geographic area code n-us---
050 00 - LIBRARY OF CONGRESS CALL NUMBER
Classification number HC106.8
Item number .A42 1984
082 00 - DEWEY DECIMAL CLASSIFICATION NUMBER
Classification number 363.0973
Edition number 19
Author Mark VAU
100 1# - MAIN ENTRY--PERSONAL NAME
Personal name Roger J. Vaughan
9 (RLIN) 19942
245 10 - TITLE STATEMENT
Title Rebuilding America /
250 ## - EDITION STATEMENT
Edition statement 2nd ed.
260 ## - PUBLICATION, DISTRIBUTION, ETC.
Place of publication, distribution, etc. New York :
Name of publisher, distributor, etc. The Worldbank
Date of publication, distribution, etc. [1983]
300 ## - PHYSICAL DESCRIPTION
Extent xi, 234 p. ;
Dimensions 25 cm.
500 ## - GENERAL NOTE
General note Includes index.
504 ## - BIBLIOGRAPHY, ETC. NOTE
Bibliography, etc. note Bibliography: p. 283-305.
651 #0 - SUBJECT ADDED ENTRY--GEOGRAPHIC NAME
Geographic name United States
General subdivision Economic policy
Chronological subdivision 1981-1993.
9 (RLIN) 19943
700 1# - ADDED ENTRY--PERSONAL NAME
Personal name Faux, Geoffrey P.
9 (RLIN) 19944
906 ## - LOCAL DATA ELEMENT F, LDF (RLIN)
a 7
b cbc
c orignew
d 1
e ocip
f 19
g y-gencatlg
942 ## - ADDED ENTRY ELEMENTS (KOHA)
Source of classification or shelving scheme
Koha item type Book
Holdings
Withdrawn status Lost status Source of classification or shelving scheme Damaged status Not for loan Permanent Location Current Location Date acquired Total Checkouts Full call number Barcode Date last seen Price effective from Koha item type
          School of Civil and Environmental Engineering (SCEE) School of Civil and Environmental Engineering (SCEE) 09/04/2019   363.0973 VAU NIT-10304 09/04/2019 09/04/2019 Book
© 2023 Central Library, National University of Sciences and Technology. All Rights Reserved.